| 000 | 00430cam a2200169 4500 | ||
|---|---|---|---|
| 001 | D14109 | ||
| 008 | 090401t1928 xxu||||| |||| 00| 0 eng d | ||
| 035 | _a(Sirsi) u94641 | ||
| 041 | _aeng | ||
| 110 |
_aUnion Geodesique et Geophysique Internationale _93074 |
||
| 245 | _aTables de l`ellipsaide de reference international | ||
| 260 |
_aParis _c1928 |
||
| 350 | _a0 | ||
| 520 | _aShelf 183 | ||
| 942 | _n0 | ||
| 948 | _c04/03/1997 | ||
| 999 |
_c98108 _d98108 |
||